[Event "It (open)"]
[Site "masterchessopen.com Oberhausen (Germany)"]
[Date "2008.03.22"]
[Round "3"]
[White "Biedekoepper Robert (GER)"]
[Black "Becker Marcel (GER)"]
[Result "0-1"]
[WhiteElo "2133"]
[BlackElo "2344"]

1.d4 d5 2.c4 c6 3.Nf3 Nf6 4.Nc3 e6 5.e3 Nbd7 6.Qc2 Bd6 7.g4 dxc4 8.Bxc4 b5
9.Be2 Bb7 10.Bd2 Rc8 11.a3 c5 12.Nxb5 Bb8 13.Qa4 a6 14.Nc3 O-O 15.g5 Nb6
16.Qa5 Nfd7 17.Rg1 Bc7 18.Na4 Nd5 {#R} 0-1

[Event "Ch Region"]
[Site "masterchessopen.com Bialystok (Poland)"]
[Date "2008.06.22"]
[Round "3"]
[White "Kostyra Stanislaw (POL)"]
[Black "Nasuta Grzegorz (POL)"]
[Result "1-0"]
[WhiteElo "2284"]
[BlackElo "2081"]

1.d4 d5 2.Nf3 Nf6 3.c4 c6 4.Nc3 e6 5.e3 Nbd7 6.Qc2 Bd6 7.g4 dxc4 8.Bxc4 b5
9.Bd3 Bb7 10.g5 Nh5 11.Ne4 Be7 12.Bd2 Rc8 13.b4 a6 14.h4 f5 15.gxf6 Nhxf6
16.Nc5 Nxc5 17.Bg6+ Kf8 18.dxc5 Rc7 19.O-O-O {#r} 1-0

[Event "Tournament \"]
[Site "masterchessopen.com Gorodovikovsk (Russia)"]
[Round "8"]
[White "Dzhungurov Vasily (RUS)"]
[Black "Shilin Ivan (RUS)"]
[Result "0-1"]
[WhiteElo "1958"]
[BlackElo "2173"]

1.d4 d5 2.c4 e6 3.Nc3 c6 4.Nf3 Nd7 5.Qc2 Ngf6 6.e3 Bd6 7.Bd3 O-O 8.O-O b6 9.b3
Bb7 10.Bb2 Rc8 11.Qe2 Bb8 12.Rac1 Qc7 13.e4 dxe4 14.Nxe4 c5 15.dxc5 bxc5
16.Nxf6+ Nxf6 17.Be5 Bxf3 18.Qxf3 Qxe5 19.g3 Rfd8 20.Rfe1 Qh5 {#R} 0-1

[Event "Memorial Sukharev (open)"]
[Site "masterchessopen.com Novosibirsk (Russia)"]
[Date "2008.07.21"]
[Round "2"]
[White "Shevchenko Vitaly (RUS)"]
[Black "Sinitsin Roman (RUS)"]
[Result "1-0"]
[WhiteElo "2110"]
[BlackElo "2230"]

1.d4 d5 2.Nf3 Nf6 3.c4 e6 4.Nc3 c6 5.e3 Nbd7 6.Qc2 Bd6 7.Bd2 Qe7 8.O-O-O O-O
9.e4 Nxe4 10.Nxe4 dxe4 11.Qxe4 c5 12.Bc3 Nf6 13.Qh4 b6 14.dxc5 Bxc5 15.Bd3 Re8
16.g4 Kf8 17.g5 Ng8 18.Qxh7 f6 19.Nh4 Qc7 20.gxf6 {#r} 1-0

[Event "It (open)"]
[Site "masterchessopen.com Liptov (Slovakia)"]
[Date "2008.08.30"]
[Round "5"]
[White "Nahalka Jan (SVK)"]
[Black "Mraz Ondrej (SVK)"]
[Result "1-0"]
[WhiteElo "1993"]
[BlackElo "1666"]

1.d4 d5 2.c4 c6 3.Nf3 Nf6 4.Nc3 e6 5.e3 Nbd7 6.Qc2 Bd6 7.Be2 O-O 8.O-O Qc7
9.Rd1 Re8 10.h3 dxc4 11.Bxc4 b5 12.Bd3 e5 13.Ne4 Bb7 14.Nxd6 Qxd6 15.dxe5 {#r}
1-0

[Event "Cup Grunwald (for the Blind)"]
[Site "masterchessopen.com Dadaj (Poland)"]
[Date "2008.09.24"]
[Round "4"]
[White "Bakalarczyk Wlodzimierz (POL)"]
[Black "Falkowski Dawid (POL)"]
[Result "0-1"]
[WhiteElo "2051"]
[BlackElo "1985"]

1.d4 Nf6 2.Nf3 d5 3.c4 e6 4.e3 c6 5.Nc3 Nbd7 6.Qc2 Bd6 7.Be2 O-O 8.b3 Re8
9.O-O e5 10.dxe5 Nxe5 11.cxd5 cxd5 12.Nb5 Bb8 13.Bb2 Bg4 14.Nbd4 Qd6 15.Nb5
Nxf3+ {#R} 0-1

[Event "Czech League 2008/09 (2nd) (b)"]
[Site "masterchessopen.com Czech Republic"]
[Date "2008.10.12"]
[Round "1"]
[White "Herink Miroslav (CZE)"]
[Black "Erneker Josef (CZE)"]
[Result "0-1"]
[WhiteElo "2078"]
[BlackElo "2241"]

1.d4 d5 2.c4 c6 3.Nf3 Nf6 4.Nc3 e6 5.e3 Nbd7 6.Qc2 Bd6 7.Bd2 O-O 8.e4 Nxe4
9.Nxe4 dxe4 10.Qxe4 e5 11.dxe5 Nxe5 12.Nxe5 Bxe5 13.O-O-O Qf6 {#R} 0-1

[Event "Ch World (juniors) (under 12)"]
[Site "masterchessopen.com Vung Tau (Vietnam)"]
[Date "2008.10.20"]
[Round "1"]
[White "Yang Darwin (USA)"]
[Black "Chen Pin-Hung (TPE)"]
[Result "1-0"]
[WhiteElo "2182"]
[BlackElo "1700"]

1.d4 d5 2.c4 c6 3.Nc3 Nf6 4.Nf3 e6 5.e3 Nbd7 6.Qc2 Be7 7.g4 h6 8.Rg1 dxc4
9.Bxc4 Nd5 10.e4 Nxc3 11.bxc3 g5 12.Bb2 Rg8 13.O-O-O b5 14.Bb3 Bb7 15.d5 exd5
16.exd5 Qc7 17.Qf5 Rf8 18.Rge1 Kd8 19.Rxe7 {#r} 1-0

[Event "Tournament (Elo)"]
[Site "masterchessopen.com Saratov (Russia)"]
[Date "2008.10.23"]
[Round "1"]
[White "Avdeeva Veronika (RUS)"]
[Black "Mochalov Yulian (RUS)"]
[Result "1-0"]
[WhiteElo "2102"]
[BlackElo "1944"]

1.d4 d5 2.c4 e6 3.Nc3 c6 4.e3 Nf6 5.Nf3 Nbd7 6.Qc2 Bd6 7.Be2 dxc4 8.Bxc4 e5
9.O-O O-O 10.h3 Qe7 11.a3 Bc7 12.Ba2 h6 13.Nh4 Nb6 14.Ng6 Qd6 15.dxe5 {#r} 1-0

[Event "Ch Asia (juniors)"]
[Site "masterchessopen.com Chennai (India)"]
[Date "2008.12.07"]
[Round "2"]
[White "Ravichandran Tejas"]
[Black "Sharath E (IND)"]
[Result "1-0"]
[WhiteElo "2156"]
[BlackElo "1867"]

1.Nf3 d5 2.d4 Nf6 3.c4 e6 4.Nc3 c6 5.e3 Nbd7 6.Qc2 Bd6 7.cxd5 exd5 8.Bd3 O-O
9.O-O Re8 10.Re1 Nf8 11.h3 b6 12.e4 dxe4 13.Nxe4 Nxe4 14.Bxe4 Bd7 15.Bg5 Qc7
16.Rac1 Rac8 17.Bd2 c5 18.Ng5 h6 19.Bh7+ {#r} 1-0

[Event "It (open)"]
[Site "masterchessopen.com Singapore"]
[Date "2008.12.10"]
[Round "1"]
[White "Dao Thien Hai (VIE)"]
[Black "Anasrullah (INA)"]
[Result "1-0"]
[WhiteElo "2510"]
[BlackElo "2290"]

1.d4 d5 2.c4 c6 3.Nc3 Nf6 4.Nf3 e6 5.e3 Nbd7 6.Qc2 a6 7.b3 c5 8.cxd5 exd5
9.Be2 cxd4 10.Nxd4 Nc5 11.O-O Bd7 12.Bf3 Bg4 13.Bxg4 Nxg4 14.Bb2 Rc8 15.Qf5 h5
16.Rad1 {#r} 1-0

[Event "It (open) (b)"]
[Site "masterchessopen.com Cali (Colombia)"]
[Date "2008.12.29"]
[Round "7"]
[White "Moran Daniel (COL)"]
[Black "Guelgua Alvaro (COL)"]
[Result "0-1"]
[WhiteElo "2056"]
[BlackElo "1990"]

1.d4 d5 2.c4 c6 3.Nf3 Nf6 4.e3 e6 5.Nc3 Nbd7 6.Qc2 Bd6 7.Bd3 O-O 8.O-O dxc4
9.Bxc4 e5 10.Rd1 Qe7 11.d5 Nb6 12.Qb3 e4 13.Nd2 Bg4 14.Re1 cxd5 15.Bf1 Be6
16.Qc2 Bxh2+ {#R} 0-1

[Event "Memorial P.Dubinin (open)"]
[Site "masterchessopen.com Nizhnij Novgorod (Russia)"]
[Date "2009.01.04"]
[Round "0"]
[White "Gorozhanin Mikhail (RUS)"]
[Black "Kotov Dmitry (RUS)"]
[Result "0-1"]
[WhiteElo "1826"]
[BlackElo "2097"]

1.d4 d5 2.c4 c6 3.e3 Nf6 4.Nc3 e6 5.Nf3 Nbd7 6.Qc2 Bb4 7.Be2 O-O 8.O-O Re8
9.cxd5 exd5 10.a3 Bd6 11.Bd3 Nf8 12.e4 dxe4 13.Nxe4 Nxe4 14.Bxe4 Bg4 15.Ng5 g6
16.h3 Bc8 17.Bf3 Ne6 18.Nxe6 Bxe6 19.Rd1 Bf5 20.Qc3 Qf6 {#R} 0-1

[Event "It (open)"]
[Site "masterchessopen.com Rochefort (France)"]
[Round "6"]
[White "Nguyen Chi-Minh (FRA)"]
[Black "Miron Lucian-Costin (ROM)"]
[Result "1-0"]
[WhiteElo "2447"]
[BlackElo "2479"]

1.d4 d5 2.c4 e6 3.Nc3 c6 4.e3 Nf6 5.Nf3 Nbd7 6.Qc2 Bd6 7.g4 Bb4 8.Bd2 Qe7
9.Bd3 Nxg4 10.Rg1 f5 11.cxd5 cxd5 12.a3 Bd6 13.Nb5 Nxh2 14.Nxh2 Bxh2 15.Bb4
Qf6 16.Rg2 Bb8 17.Qxc8+ {#r} 1-0

[Event "Czech League 2008/09 (2nd) (b)"]
[Site "masterchessopen.com Czech Republic"]
[Date "2009.02.08"]
[Round "8"]
[White "Hrbolka Ladislav (CZE)"]
[Black "Jenicek Jiri (CZE)"]
[Result "1-0"]
[WhiteElo "2144"]
[BlackElo "2150"]

1.d4 d5 2.Nf3 Nf6 3.c4 e6 4.Nc3 Nbd7 5.e3 c6 6.Qc2 Bd6 7.Be2 O-O 8.O-O dxc4
9.Bxc4 e5 10.h3 Qe7 11.a4 e4 12.Ng5 Nb6 13.Bb3 Bf5 14.f3 Rae8 15.fxe4 Nxe4
16.Nxf7 Be6 17.Nxe4 Rxf7 18.Bxe6 Qxe6 19.Rxf7 {#r} 1-0

[Event "It \"]
[Site "masterchessopen.com Neustadt a.d. Weinstrasse (Germany)"]
[Date "2009.02.16"]
[Round "2"]
[White "Boehle Lars (GER)"]
[Black "Buhmann Rainer (GER)"]
[Result "0-1"]
[WhiteElo "2260"]
[BlackElo "2603"]

1.d4 d5 2.Nf3 c6 3.c4 e6 4.e3 Nf6 5.Qc2 Nbd7 6.Nc3 Bd6 7.b3 O-O 8.Be2 e5
9.cxd5 Nxd5 10.Nxd5 cxd5 11.dxe5 Nxe5 12.O-O Nxf3+ 13.Bxf3 Qh4 14.g3 Qf6
15.Bxd5 Bf5 16.e4 Bh3 17.Rd1 Be5 {#R} 0-1

[Event "Ch Lithuania (1/2 final)"]
[Site "masterchessopen.com Vilnius (Lithuania)"]
[Date "2009.02.18"]
[Round "8"]
[White "Struckas Arunas (LTU)"]
[Black "Vicas Marijus (LTU)"]
[Result "1-0"]
[WhiteElo "1962"]
[BlackElo "1832"]

1.d4 d5 2.c4 e6 3.Nf3 Nf6 4.Nc3 Nbd7 5.e3 c6 6.Qc2 Be7 7.Bd2 O-O 8.a3 c5 9.Bd3
Nb6 10.b3 Qc7 11.Ne2 Bd7 12.O-O Rac8 13.Rac1 dxc4 14.bxc4 Rcd8 15.a4 Bc6 16.e4
cxd4 17.Bf4 Qd7 18.a5 Na4 19.Ne5 Qe8 20.Nxc6 {#r} 1-0

[Event "It (open)"]
[Site "masterchessopen.com Latschach (Austria)"]
[Date "2009.08.11"]
[Round "5"]
[White "Kock Hans-Uwe (LIE)"]
[Black "Holzbauer Johann (AUT)"]
[Result "1-0"]
[WhiteElo "2155"]
[BlackElo "2046"]

1.d4 d5 2.c4 c6 3.e3 Nf6 4.Nc3 e6 5.Qc2 Nbd7 6.Nf3 Bd6 7.Bd2 O-O 8.cxd5 exd5
9.Bd3 Re8 10.O-O Nf8 11.h3 h6 12.Rfe1 Be6 13.Ne5 N6d7 14.f4 Qh4 15.Nf3 Qh5
16.f5 {#r} 1-0

[Event "It (open)"]
[Site "masterchessopen.com Graz (Austria)"]
[Date "2009.08.30"]
[Round "2"]
[White "Stagl Marco (AUT)"]
[Black "Drnovsek Nejc (SLO)"]
[Result "0-1"]
[WhiteElo "1952"]
[BlackElo "2125"]

1.d4 d5 2.Nf3 Nf6 3.c4 c6 4.e3 e6 5.Nc3 Nbd7 6.Qc2 Bd6 7.b3 O-O 8.Be2 Qe7
9.Bb2 dxc4 10.bxc4 e5 11.O-O Re8 12.Rfe1 Bb8 13.Bf1 e4 14.Nd2 Bxh2+ 15.Kxh2
Ng4+ 16.Kg1 Qh4 17.Bd3 Qxf2+ 18.Kh1 Re6 19.Nf1 Rh6+ {#R} 0-1

[Event "Tournament \"]
[Site "masterchessopen.com Habana (Cuba)"]
[Date "2009.11.09"]
[Round "5"]
[White "Hernandez Holman (CUB)"]
[Black "Montero Reynier (CUB)"]
[Result "0-1"]
[WhiteElo "2142"]
[BlackElo "2160"]

1.d4 d5 2.c4 c6 3.Nc3 Nf6 4.Nf3 e6 5.e3 Nbd7 6.Qc2 Bd6 7.b3 O-O 8.Be2 Qe7
9.O-O b6 10.e4 Nxe4 11.Nxe4 dxe4 12.Qxe4 Bb7 13.Bd3 f5 14.Qe2 c5 15.Bb2 Bxf3
16.Qxf3 cxd4 17.Bxd4 Qh4 {#R} 0-1

[Event "Ch World (juniors) (under 16) (g)"]
[Site "masterchessopen.com Kemer (Turkey)"]
[Date "2009.11.15"]
[Round "4"]
[White "Neuhauser Salome (FRA)"]
[Black "Nguyen Thi Mai Hung (VIE)"]
[Result "0-1"]
[WhiteElo "2021"]
[BlackElo "2219"]

1.c4 e6 2.d4 d5 3.Nc3 c6 4.Nf3 Nf6 5.e3 Nbd7 6.Qc2 Bd6 7.e4 dxe4 8.Nxe4 Nxe4
9.Qxe4 Nf6 10.Qh4 c5 11.Bg5 cxd4 12.Qxd4 Bb4+ 13.Bd2 Qxd4 14.Nxd4 Bxd2+
15.Kxd2 O-O 16.Nf3 Rd8+ 17.Bd3 Ng4 18.Rhf1 e5 19.Rae1 Bf5 {#R} 0-1

[Event "Ch World (juniors) (under 16) (g)"]
[Site "masterchessopen.com Kemer (Turkey)"]
[Date "2009.11.22"]
[Round "11"]
[White "Butuc Maria (RUS)"]
[Black "Edes Zsofia (SVK)"]
[Result "1-0"]
[WhiteElo "2186"]
[BlackElo "1924"]

1.Nf3 d5 2.d4 Nf6 3.c4 e6 4.Nc3 Nbd7 5.e3 c6 6.Qc2 Bd6 7.b3 O-O 8.Be2 b6 9.O-O
Bb7 10.Bb2 Rc8 11.Rad1 Ne4 12.Nxe4 dxe4 13.Qxe4 g5 14.Qg4 h6 15.Qh3 Kg7 16.c5
Bb8 17.d5+ e5 18.d6 Qe8 19.Nxe5 Nxe5 20.f4 {#r} 1-0

[Event "It (open)"]
[Site "masterchessopen.com Marseilles (France)"]
[Date "2009.12.27"]
[Round "4"]
[White "Caron Damien (FRA)"]
[Black "Figier Anthony (FRA)"]
[Result "1-0"]
[WhiteElo "1959"]
[BlackElo "1558"]

1.d4 d5 2.c4 c6 3.e3 Nf6 4.Nc3 e6 5.Nf3 Nbd7 6.Qc2 Bd6 7.Bd3 O-O 8.O-O dxc4
9.Bxc4 b5 10.Bd3 Bb7 11.e4 Be7 12.e5 Nd5 13.Nxd5 exd5 14.Bxh7+ Kh8 15.Qf5 g6
16.Qh3 {#r} 1-0

[Event "It (open) (b)"]
[Site "masterchessopen.com Cali (Colombia)"]
[Date "2009.12.29"]
[Round "7"]
[White "Palacio Pablo Persi (COL)"]
[Black "Guelgua Alvaro (COL)"]
[Result "0-1"]
[WhiteElo "1947"]
[BlackElo "2020"]

1.d4 d5 2.c4 c6 3.Nc3 Nf6 4.e3 e6 5.Nf3 Nbd7 6.Qc2 Bd6 7.Bd3 dxc4 8.Bxc4 b5
9.Bd3 Bb7 10.e4 e5 11.dxe5 Nxe5 12.Nxe5 Bxe5 13.h3 O-O 14.Ne2 c5 15.Bxb5 Qa5+
{#R} 0-1

[Event "Liga Mazowiecka 2009/10"]
[Site "masterchessopen.com Poland"]
[Date "2010.01.10"]
[Round "3"]
[White "Choroszej Aleksander (POL)"]
[Black "Borowicz Miroslaw (POL)"]
[Result "1-0"]
[WhiteElo "2122"]
[BlackElo "1776"]

1.d4 d5 2.c4 e6 3.Nc3 Nf6 4.Nf3 c6 5.e3 Nbd7 6.Qc2 Be7 7.g4 h6 8.Rg1 Qa5 9.Bd2
Bb4 10.a3 Bxc3 11.Bxc3 Qc7 12.Bd3 b6 13.g5 hxg5 14.Rxg5 dxc4 15.Bxc4 g6
16.Bxe6 fxe6 17.Qxg6+ Kd8 18.d5 e5 19.Bxe5 Nxe5 20.Qxf6+ {#r} 1-0

[Event "It (open)"]
[Site "masterchessopen.com La Laguna (Spain)"]
[Date "2010.04.08"]
[Round "5"]
[White "Bacallado Rivero David (ESP)"]
[Black "Martin Ortega Oscar (ESP)"]
[Result "0-1"]
[WhiteElo "1577"]
[BlackElo "1854"]

1.d4 d5 2.c4 e6 3.Nc3 Nf6 4.Nf3 c6 5.e3 Nbd7 6.Qc2 Bd6 7.b3 O-O 8.Be2 Qc7
9.O-O dxc4 10.bxc4 e5 11.d5 cxd5 12.cxd5 e4 13.Nd4 Nc5 14.f3 a6 15.fxe4 Nfxe4
16.Nxe4 Nxe4 {#R} 0-1

[Event "Ch Colombia (schools) (under 17)"]
[Site "masterchessopen.com Yumbo (Colombia)"]
[Date "2010.04.29"]
[Round "5"]
[White "Rios Cristian (COL)"]
[Black "Guelgua Alvaro (COL)"]
[Result "1-0"]
[WhiteElo "1896"]
[BlackElo "2039"]

1.d4 d5 2.c4 c6 3.Nc3 Nf6 4.Nf3 e6 5.e3 Nbd7 6.Qc2 dxc4 7.Bxc4 Bd6 8.g4 b5
9.Be2 Bb7 10.g5 Nd5 11.Ne4 Be7 12.Bd2 Qb6 13.Rc1 Rc8 14.Nc5 Bxc5 15.dxc5 Qc7
16.Qe4 Rd8 17.h4 O-O 18.Bd3 g6 19.h5 {#r} 1-0

[Event "Memorial Walter Merli (open)"]
[Site "masterchessopen.com Barrinha (Brazil)"]
[Date "2010.07.02"]
[Round "2"]
[White "Garkauskas Otto Dmitry (BRA)"]
[Black "Matsuura Everaldo (BRA)"]
[Result "0-1"]
[WhiteElo "1988"]
[BlackElo "2484"]

1.d4 d5 2.c4 e6 3.Nc3 c6 4.e3 Nf6 5.Nf3 Nbd7 6.Qc2 Bd6 7.b3 O-O 8.Be2 a6 9.a4
e5 10.cxd5 cxd5 11.dxe5 Nxe5 12.O-O Bg4 13.Nd4 Rc8 14.Bb2 Ne4 15.Bxg4 Nxg4
16.g3 Bb4 17.Nde2 Qf6 18.h3 Ngxf2 19.Nxe4 Nxh3+ 20.Kg2 Qxf1+ {#R} 0-1

[Event "It (open)"]
[Site "masterchessopen.com Stare Mesto (Czech Republic)"]
[Date "2010.08.15"]
[Round "3"]
[White "Roubalik Jakub (CZE)"]
[Black "Pardy Martin (CZE)"]
[Result "1-0"]
[WhiteElo "2275"]
[BlackElo "2039"]

1.d4 d5 2.c4 c6 3.Nc3 Nf6 4.e3 e6 5.Nf3 Nbd7 6.Qc2 Bd6 7.g4 dxc4 8.g5 Nd5
9.Bxc4 N5b6 10.Bb3 Qe7 11.Bd2 O-O 12.O-O-O a6 13.Ne4 c5 14.Kb1 Nd5 15.Nxd6
Qxd6 16.e4 Nc7 17.Be3 cxd4 18.Rxd4 {#r} 1-0

[Event "Cup Governor's (open)"]
[Site "masterchessopen.com Khanty Mansyisk (Russia)"]
[Date "2010.08.19"]
[Round "3"]
[White "Magomedov Magaram (RUS)"]
[Black "Usmanov Ilnur (RUS)"]
[Result "1-0"]
[WhiteElo "2511"]
[BlackElo "2127"]

1.d4 d5 2.c4 c6 3.Nc3 Nf6 4.e3 e6 5.Nf3 Nbd7 6.Qc2 Bd6 7.Bd3 O-O 8.O-O Re8
9.e4 dxe4 10.Nxe4 Nxe4 11.Bxe4 Nf6 12.Bg5 h6 13.Bxf6 Qxf6 14.c5 Bc7 15.Rad1
Kh8 16.Rfe1 Bd7 17.Ne5 Rad8 18.Qc3 Bc8 19.g3 Rxd4 20.Nxf7+ {#r} 1-0

[Event "It (open)"]
[Site "masterchessopen.com Arco (Italy)"]
[Date "2010.10.21"]
[Round "6"]
[White "Tovazzi Maurizio (ITA)"]
[Black "Mombelli Antonio (ITA)"]
[Result "0-1"]
[WhiteElo "1739"]
[BlackElo "1828"]

1.d4 d5 2.Nf3 Nf6 3.e3 e6 4.c4 Nbd7 5.Nc3 c6 6.Qc2 Bd6 7.Bd3 dxc4 8.Bxc4 b5
9.Bd3 Bb7 10.a3 O-O 11.b4 Rc8 12.e4 e5 13.Bg5 h6 14.Bxf6 Qxf6 15.dxe5 Nxe5
16.Be2 Nxf3+ 17.Bxf3 c5 {#R} 0-1

[Event "Ch City"]
[Site "masterchessopen.com Irkutsk (Russia)"]
[Date "2010.12.30"]
[Round "3"]
[White "Shelk Alexander (RUS)"]
[Black "Ivenin Vladimir (RUS)"]
[Result "1-0"]
[WhiteElo "2371"]
[BlackElo "2059"]

1.d4 d5 2.Nf3 Nf6 3.c4 c6 4.Nc3 e6 5.e3 Nbd7 6.Qc2 Bd6 7.Be2 O-O 8.O-O dxc4
9.Bxc4 e5 10.Bb3 exd4 11.exd4 h6 12.Qg6 Ne8 13.Bxh6 Kh8 14.Bxg7+ Nxg7 15.Qxd6
Nf5 16.Qf4 Nf6 17.Rfe1 Nh5 18.Qg4 Nfg7 19.Qg5 {#r} 1-0

[Event "Ch Bulgaria (team) (Gr. B)"]
[Site "masterchessopen.com Albena (Bulgaria)"]
[Date "2011.06.04"]
[Round "4"]
[White "Genov Petko (BUL)"]
[Black "Dimitrov Atanas (GRE)"]
[Result "0-1"]
[WhiteElo "2313"]
[BlackElo "2343"]

1.d4 d5 2.c4 c6 3.Nc3 Nf6 4.Nf3 e6 5.e3 Nbd7 6.Qc2 Bd6 7.g4 dxc4 8.g5 Nd5
9.Bxc4 Nxc3 10.bxc3 Qe7 11.Qe4 e5 12.Bd2 g6 13.h4 Nb6 14.Bxf7+ Qxf7 15.Nxe5
Qf5 16.Qxf5 Bxf5 17.f3 Bxe5 18.dxe5 Nc4 19.e4 Be6 {#R} 0-1

[Event "Tournament \"]
[Site "masterchessopen.com Managua (Nicaragua)"]
[Date "2011.06.19"]
[Round "3"]
[White "Bravo William (NCA)"]
[Black "Rocha Maximiliano (NCA)"]
[Result "1-0"]
[WhiteElo "2249"]
[BlackElo "2220"]

1.d4 d5 2.c4 e6 3.Nf3 Nf6 4.Nc3 c6 5.e3 Nbd7 6.Qc2 Bd6 7.g4 dxc4 8.Bxc4 h6
9.Rg1 Nd5 10.Ne4 N7f6 11.Nxd6+ Qxd6 12.Bd2 Nb6 13.Be2 Nbd7 14.O-O-O b6 15.e4
Qc7 16.g5 hxg5 17.Nxg5 Nf8 18.e5 Nd5 19.Ne4 Qd7 20.Rxg7 {#r} 1-0

[Event "Ch Russia (Higher League)"]
[Site "masterchessopen.com Taganrog (Russia)"]
[Date "2011.06.20"]
[Round "6"]
[White "Goganov Aleksey (RUS)"]
[Black "Mikhailov Sergey (RUS)"]
[Result "1-0"]
[WhiteElo "2500"]
[BlackElo "2397"]

1.d4 d5 2.c4 c6 3.Nc3 Nf6 4.e3 Nbd7 5.Nf3 e6 6.Qc2 Be7 7.Bd3 c5 8.cxd5 exd5
9.O-O O-O 10.Rd1 b6 11.dxc5 bxc5 12.Nxd5 h6 13.e4 Re8 14.Nxf6+ Bxf6 15.e5 Be7
16.Bc4 Qb6 17.e6 {#r} 1-0

[Event "Ch Colombia (1/2 final)"]
[Site "masterchessopen.com Santa Rosa de Cabal (Colombia)"]
[Date "2011.06.24"]
[Round "6"]
[White "Saladen Rafael (COL)"]
[Black "Ruiz Pablo (COL)"]
[Result "1-0"]
[WhiteElo "2171"]
[BlackElo "2306"]

1.d4 Nf6 2.Nf3 d5 3.c4 c6 4.Nc3 e6 5.e3 Nbd7 6.Qc2 Bd6 7.g4 dxc4 8.g5 Nd5
9.Bxc4 b6 10.e4 Nxc3 11.bxc3 Bb7 12.e5 Be7 13.g6 hxg6 14.Bxe6 c5 15.d5 O-O
16.Qxg6 fxe6 17.Bh6 Bf6 18.Ng5 {#r} 1-0

[Event "Ch Colombia (1/2 final)"]
[Site "masterchessopen.com Santa Rosa de Cabal (Colombia)"]
[Date "2011.06.26"]
[Round "9"]
[White "Ramirez Carlos (COL)"]
[Black "Mosquera Miguel (COL)"]
[Result "0-1"]
[WhiteElo "2320"]
[BlackElo "2392"]

1.d4 d5 2.c4 c6 3.Nf3 Nf6 4.Nc3 e6 5.e3 Nbd7 6.Qc2 Bd6 7.b3 O-O 8.Be2 Qe7
9.O-O Re8 10.e4 Nxe4 11.Nxe4 dxe4 12.Qxe4 e5 13.Bg5 Qf8 14.Bd3 f5 {#R} 0-1

[Event "It (open)"]
[Site "masterchessopen.com Mataro (Spain)"]
[Date "2011.09.24"]
[Round "1"]
[White "Ribalta Bertran Esteve"]
[Black "Marches Rios Juan (ESP)"]
[Result "0-1"]
[WhiteElo "1837"]
[BlackElo "2106"]

1.d4 d5 2.c4 c6 3.Nf3 Nf6 4.Nc3 e6 5.e3 Nbd7 6.Qc2 Bd6 7.b3 O-O 8.Bb2 Re8
9.cxd5 exd5 10.Bd3 Qe7 11.O-O Ne4 12.Bc1 Ndf6 13.h3 Nxc3 14.Qxc3 Ne4 15.Qc2
Qf6 16.Nd2 Qh4 17.Nf3 Qh5 18.Be2 Bxh3 19.Ne5 Qg5 20.Bf3 Rxe5 {#R} 0-1

[Event "Ch Denmark (g3)"]
[Site "masterchessopen.com Helsingor (Denmark)"]
[Round "4"]
[White "Jorgensen Morten"]
[Black "Andersen Aage"]
[Result "0-1"]
[WhiteElo "1704"]
[BlackElo "1592"]

1.d4 d5 2.Nf3 Nf6 3.c4 e6 4.Nc3 c6 5.Qc2 Nbd7 6.e3 Bd6 7.Bd3 O-O 8.O-O dxc4
9.Bxc4 e5 10.dxe5 Nxe5 11.Nxe5 Bxe5 12.Bd2 b6 13.Rad1 Bb7 14.f3 a6 15.e4 Qd4+
{#R} 0-1

[Event "It (open)"]
[Site "masterchessopen.com Hum na Sutli (Croatia)"]
[Date "2012.09.14"]
[Round "8"]
[White "Jezidzic Gordan (CRO)"]
[Black "Zelenika Zoran (CRO)"]
[Result "1-0"]
[WhiteElo "2197"]
[BlackElo "2058"]

1.c4 Nf6 2.Nc3 d5 3.e3 c6 4.Nf3 Nbd7 5.d4 e6 6.Qc2 Nb6 7.b3 Bb4 8.Bd2 a5 9.Bd3
a4 10.O-O a3 11.Rad1 Qe7 12.Rfe1 c5 13.cxd5 Bxc3 14.Qxc3 cxd4 15.Qxd4 Nbxd5
16.e4 Nc7 17.Bb4 Qd7 18.Qc5 {#r} 1-0